000 00329nam a2200121Ia 4500
008 210430s9999 xx 000 0 und d
082 _a135.3 L931L
100 _aA.A. Luce
_954625
245 _aTeach Youself Logic /
_cA.A. Luce
260 _aLondon
_bThe English Universities Press LTD
_c1958
300 _a207
942 _cBK
_2ddc
999 _c565260
_d565260